World Capitals Closest to Havana - One Minute Sprint - Statistics

General Stats
  • This quiz has been taken 37 times
  • The average score is 13 of 20
Answer Stats
km capital miles % Correct
811 Kingston 504
97%
1163 Port-au-Prince 723
85%
1786 Mexico City 1110
79%
553 Nassau 344
76%
1393 Santo Domingo 866
76%
1829 Washington 1136
76%
1274 Guatemala City 792
74%
931 Belmopan 578
71%
1127 Tegucigalpa 700
68%
1601 Panama City 995
65%
1291 Managua 802
62%
1479 San José 919
62%
2492 Kingstown 1548
56%
2244 Saint John's 1394
53%
1273 San Salvador 791
53%
2164 Caracas 1344
50%
2470 Castries 1535
47%
2149 Basseterre 1335
44%
2236 Bogotá 1389
44%
2368 Roseau 1471
38%
No matching quizzes found
Score Distribution
Percent of People with Each Score
Percentile by Number Answered
Your Score History
You have not taken this quiz